000 00536nam a2200181Ia 4500
008 151018s9999 xx 000 0 und d
082 _bRBASDV39710
_a791.4
100 _aअभय परांजपे
245 _aचित्रगाथा
250 _b1
260 _bमी प्रकाशन
_c2004
300 _a159
600 _aअभय परांजपे
630 _aचित्रगाथा
700 _aअभय परांजपे
730 _aचित्रगाथा
942 _cBOOK
999 _c1038996
_d1038993